LEADER 01133nam a2200241 i 4500 001 000000044673 003 CaOOAMICUS 005 20091016000000.0 008 091016s1965 sp u000 u spa u 013 $a15843 040 $aSeMil$bita 100 1 $aMatabosch Soler, Antonio <1935- >.$0(OLS)http://semarc/name/22250 245 13$aLa iglesia y sus esperanzas :$balgunas opiniones modernas acerca del porvenir de la iglesia /$cAntonio Matabosch Soler. 260 $aBarcelona :$bCasulleras,$c1965. 300 $a234 p. ;$c24 cm. 490 0 $aColectanea San Paciano. Serie teológica ;$v12. 650 4$aChiesa.$0(OLS)http://semarc/subject/3309 650 4$aChiesa - Studi.$0(OLS)http://semarc/subject/1298 830 0$aColectanea San Paciano. Serie teológica ;$v12.$0(OLS)http://semarc/title/28887 850 $aSeMil 852 $aSeMil$W1$xVenegono$y1$m2B IV 221$j10828$B10828$CSeMilBibl$Z2$F10828 $81 996 $6245$aLa iglesia y sus esperanzas :$balgunas opiniones modernas acerca del porvenir de la iglesia$9(OLS)http://semarc/title/66150 996 $6260$aBarcelona :$bCasulleras$9(OLS)http://semarc/publisher/35593 LEADER 00827nam a2200229 i 4500 001 000000090013 003 CaOOAMICUS 005 20230814084715.0 008 140529s1776 ne u000 u fre u 026 $aR.NT ntme nee. tidi (3) 1776 (R) 040 $aSeMil$bita 245 10$aTome 1. 300 $aXVI, 495, [1] p., [1] carta di tav. :$bantip. 500 $aSegn.: a8 A-2H8 500 $aAntip. con ritratto dell'A. 773 0 $aHelvetius, Claude Adrien <1715-1771>$tL'esprit, par M. Helvetius. Tome 1. [-2.].$dA Londres [i.e. Liegi] : [s.n.], 1776.$g1$w()30001 850 $aSeMil 852 $aSeMil$W1$xVenegono$y1$m2R III 89 FA$j53051$B53051$CSeMilBibl$Z2$F57614 $8I 941 1 $a10 961 $aRecupero: Mantegazza 996 $6245$aTome 1$9(OLS)http://semarc/title/1447